000 00539nam a2200181Ia 4500
005 20250508152134.0
008 008 250505s9999 xx 000 0 eng d
037 _aTextual
040 _aFEDL
_beng
_cFEDL
041 _aeng
_2eng
084 _a701.184, TAY
_qFEDL
100 _aTaylor Joshua C
_9623271
245 0 _aLearning to look : A handbook for the visual arts
260 _aChicago, USA
_bThe University of Chicago Press
_c1957
300 _a152p.
942 _cTEXL
_h701.184, TAY
999 _c1334518
_d1334518